Statistics for How Many NYC Boroughs Can You Name in 15 Seconds?

Click here to take the quiz!

General Stats

  • This quiz has been taken 860 times
  • The average score is 4 of 5

Answer Stats

Boroughs% Correct
Manhattan
88%
Queens
88%
Bronx
85%
Brooklyn
85%
Staten Island
73%

Score Distribution

Percentile by Number Answered

Percent of People with Each Score

Your Score History

You have not taken this quiz